000 00690nam a2200181 a 4500
001 000035845
005 20200930074647.0
008 111115s1965 mx 000 0 spa d
040 _aDO-SdBNP
_bspa
_cBNPHU
082 _axxx
_bL664t
100 1 _aLévi-Strauss, Claude
_961821
240 1 2 _aLe totémisme aujourd d´hui
_lespañol
245 1 3 _aEl totemismo en la actualidad /
_cClaude Lévi-Strauss ; traducción Francisco González Aramburo.
260 _aMéxico :
_aArgentina :
_bFondo de Cultura Económica,
_c1965.
300 _a157 p. ;
_c18 cm.
590 _aPerteneció a la biblioteca personal de Juan Isidro Jimenes Grullón
700 1 _aGonzález Aramburo, Francisco,
_etr.
_927068
999 _c35336
_d35336